| 000 | 01213nab a22001937a 4500 | ||
|---|---|---|---|
| 999 |
_c6099 _d6099 |
||
| 003 | OSt | ||
| 005 | 20260122074101.0 | ||
| 008 | 190502c xxu||||| |||| 00| 0 spa d | ||
| 040 | _cPJ | ||
| 100 |
_aCrede, Natalia C. _96867 |
||
| 245 | 1 | 0 |
_aAcerca de las ventajas institucionales y sociales de los programas de cumplimiento : _bel inicio de un compromiso ético en el ámbito empresarial / _cNatalia C. Crede. |
| 260 |
_aCiudad Autónoma de Buenos Aires : _bThomson Reuters La Ley, _c2024. |
||
| 300 | _ap. 11-23 | ||
| 505 | _aSumario: I. Introducción.— II. Argentina: inicio hacia una cultura ética de los negocios. Ventajas en el aspecto social. Importancia de la adopción de programas de cumplimiento en el ámbito empresarial.— III. Minimización de los riesgos de responsabilidad de la empresa. Implicancias en el ámbito penal. Ventajas en el aspecto institucional.— IV. Conclusión.— V. Bibliografía | ||
| 505 | _t¿Te interesa el texto completo? Solicitalo al correo: koha@justierradelfuego.gov.ar | ||
| 650 | 0 |
_9343 _aDERECHO PENAL |
|
| 773 | 0 |
_02729 _93180 _dBuenos Aires : LexisNexis, 2006- _tRevista de derecho penal y procesal penal. Nº 12 - Diciembre 2024 _z9875920622 |
|
| 942 |
_2udc _cANA |
||